Tourist Attractions in Utah by Images - Statistics

General Stats
  • This quiz has been taken 6 times
  • The average score is 4 of 16
Answer Stats
Picture Answer % Correct
Arches National Park
100%
Bryce Canyon National Park
60%
Zion National Park
60%
Canyonlands National Park
40%
Bonneville Salt Flats
20%
Capitol Reef National Park
20%
Monument Valley
20%
Temple Square
20%
Utah State Capitol
20%
Antelope Island State Park
0%
Balanced Rock
0%
Big Cottonwood Canyon
0%
Deer Valley Resort
0%
Emerald Pools
0%
Forrest Gump Point
0%
The Wave
0%
No matching quizzes found
Score Distribution
Percent of People with Each Score
Percentile by Number Answered
Your Score History
You have not taken this quiz